| 000 | 01500 a2200337 4500 | ||
|---|---|---|---|
| 999 |
_c10999 _d10999 |
||
| 020 | _a0198289014 | ||
| 050 | 0 | 0 |
_aHC462.8 _b.G427 1999 |
| 245 | 0 | 4 |
_aThe Japanese economic system and its historical origins / _cedited by Tetsuji Okazaki, Masahiro Okuno-Fujiwara ; translated by Susan Herbert. |
| 250 | _aEnglish ed. | ||
| 264 |
_a Oxford University Press : _b Oxford, _cc.1999 |
||
| 300 |
_ax, 294 pages _billustrations |
||
| 336 |
_1text _2rda content _3tx |
||
| 337 |
_1unmediated _2rda media _3n |
||
| 338 |
_1volume _2rda carrier _3nc |
||
| 440 | 0 | _aJapan business and economics series | |
| 500 | _aPapers initially presented at "a series of conference sessions held in spring and autumn 1992, and spring 1993"--P. x. | ||
| 504 | _aIncludes bibliographical references and index. | ||
| 650 | 0 |
_aFinance _xHistory |
|
| 650 | 0 |
_aIndustrial relations _xHistory |
|
| 650 | 0 |
_aIndustrial policy _xHistory |
|
| 651 | 0 | _aJapan | |
| 651 | 0 | _aJapan | |
| 651 | 0 | _aJapan | |
| 700 | 1 | _aOkazaki, Tetsuji. | |
| 700 | 1 |
_aOkuno, Masahiro, _d1947- |
|
| 856 | 4 | 2 |
_3Book review (H-Net) _uhttp://www.h-net.org/review/hrev-a0b7c5-aa |
| 856 | 4 | 2 |
_3Publisher description _uhttp://www.loc.gov/catdir/enhancements/fy0608/00268902-d.html |
| 856 | 4 | 1 |
_3Table of contents only _uhttp://www.loc.gov/catdir/enhancements/fy0608/00268902-t.html |
| 942 |
_2lcc _cBK _h462.8 _iOKA _kHC |
||